[Event "Madrid Vicalvaro op"]
[Site "Madrid"]
[Date "2022.06.19"]
[Round "7"]
[White "Martin Mazuelo, Miguel Angel"]
[Black "Mata Priego, Jose Maria"]
[Result "1-0"]
[WhiteElo "1944"]
[BlackElo "1466"]
[PlyCount "45"]
[EventDate "2022.05.08"]
[EventType "swiss"]
[EventRounds "7"]
[EventCountry "ESP"]
[SourceTitle "EXT 2024"]
[Source "ChessBase"]
[SourceDate "2023.10.10"]
[SourceVersion "1"]
[SourceVersionDate "2023.10.10"]
[SourceQuality "1"]

1. d4 d5 2. Bf4 f5 3. Nf3 Nf6 4. e3 e6 5. Bd3 c6 6. Ne5 Be7 7. Nd2 0-0 8. g4 Ne4 9. gxf5 exf5 10. Rg1 Bh4 11. Bxe4 fxe4 12. Qh5 Rf5 13. Qe2 a5 14. 0-0-0 Qf6 15. Rg2 Kf8 16. Rdg1 g6 17. Nxg6+ hxg6 18. Rxg6 Qf7 19. Bh6+ Ke8 20. Rg8+ Kd7 21. R1g7 Rxf2 22. Rxf7+ Rxf7 23. Qg4+ 1-0

[Event "Madrid San Viator op 21st"]
[Site "Madrid"]
[Date "2013.11.17"]
[Round "9"]
[White "Rodriguez Alonso, Marcos"]
[Black "Martin Mazuelo, Miguel Angel"]
[Result "1-0"]
[WhiteElo "1666"]
[BlackElo "1992"]
[PlyCount "135"]
[EventDate "2013.09.29"]
[EventType "swiss"]
[EventRounds "9"]
[EventCountry "ESP"]
[SourceTitle "EXT 2015"]
[Source "ChessBase"]
[SourceDate "2014.11.20"]
[SourceVersion "1"]
[SourceVersionDate "2014.11.20"]
[SourceQuality "1"]

1. e4 g6 2. d4 Bg7 3. Nf3 c6 4. Nc3 d5 5. exd5 cxd5 6. Be2 Nf6 7. 0-0 0-0 8. Re1 Nc6 9. Bb5 Bg4 10. Be3 Qb6 11. a4 a6 12. Bxc6 Qxc6 13. h3 Bxf3 14. Qxf3 e6 15. Qe2 Rfc8 16. f3 b6 17. Rec1 Ne8 18. Nd1 Nd6 19. c3 Qb7 20. Bf4 Nf5 21. Ne3 Nxe3 22. Qxe3 Rc6 23. Qe2 Rac8 24. Qd3 b5 25. axb5 axb5 26. Ra5 Rb6 27. b4 Qc6 28. Rca1 Bf6 29. R1a3 Be7 30. Bg3 Kg7 31. Ra7 Bd6 32. Bxd6 Qxd6 33. R7a5 Rc4 34. Qe3 Qc7 35. Ra7 Qg3 36. Ra2 h6 37. R2a3 Qg5 38. f4 Qf5 39. g4 Qe4 40. Kf2 Rbc6 41. Qxe4 dxe4 42. Ke3 Rxc3+ 43. Kxe4 R3c4 44. Rd7 Rc7 45. Rxc7 Rxc7 46. Ra5 Rb7 47. d5 Kf6 48. dxe6 Kxe6 49. Ra6+ Ke7 50. Ke5 Rb8 51. Ra7+ Kf8 52. Kd6 Rb6+ 53. Kc5 Rf6 54. Kxb5 Rxf4 55. Kc5 Rf3 56. b5 Rxh3 57. b6 Rb3 58. b7 Kg7 59. Kc6 Kf6 60. Ra6 Kg5 61. Rb6 Rc3+ 62. Kd7 Rc4 63. b8Q Rxg4 64. Qd8+ Kh5 65. Ke7 Re4+ 66. Kxf7 g5 67. Qd1+ Rg4 68. Rb4 1-0

[Event "Madrid San Viator op 21st"]
[Site "Madrid"]
[Date "2013.10.27"]
[Round "6"]
[White "Martin Mazuelo, Miguel Angel"]
[Black "Alonso Penalver, Angel"]
[Result "1-0"]
[WhiteElo "1992"]
[BlackElo "1762"]
[PlyCount "107"]
[EventDate "2013.09.29"]
[EventType "swiss"]
[EventRounds "9"]
[EventCountry "ESP"]
[SourceTitle "EXT 2015"]
[Source "ChessBase"]
[SourceDate "2014.11.20"]
[SourceVersion "1"]
[SourceVersionDate "2014.11.20"]
[SourceQuality "1"]

1. e4 e5 2. Bc4 Nf6 3. d4 Nc6 4. Nf3 Bd6 5. Nc3 a6 6. Bg5 h6 7. Bh4 exd4 8. Nxd4 Ne5 9. Bb3 Ng6 10. Bg3 Bxg3 11. hxg3 d6 12. Qd2 Bd7 13. 0-0-0 0-0 14. Nf5 Bxf5 15. exf5 Ne7 16. Rxh6 gxh6 17. Qxh6 Nxf5 18. Qg6+ Ng7 19. Rh1 Qe7 20. Nd5 Qe1+ 21. Rxe1 fxg6 22. Nxf6+ Kh8 23. Rh1+ Nh5 24. Nxh5 gxh5 25. Rxh5+ Kg7 26. f4 Rae8 27. Kd2 c6 28. c3 Re7 29. Bd1 Rfe8 30. Rg5+ Kf6 31. Bh5 Rd8 32. g4 Rg7 33. Rxg7 Kxg7 34. g5 Rh8 35. g4 d5 36. f5 Rd8 37. Ke3 c5 38. f6+ Kf8 39. g6 d4+ 40. cxd4 cxd4+ 41. Kd3 b5 42. g5 Rd5 43. g7+ Kg8 44. Bd1 Rxg5 45. Bb3+ Kh7 46. g8Q+ Rxg8 47. Bxg8+ Kxg8 48. Kxd4 Kf7 49. Ke5 a5 50. b3 a4 51. b4 Kf8 52. Ke6 Ke8 53. a3 Kf8 54. f7 1-0

[Event "Madrid San Viator op 13th"]
[Site "Madrid"]
[Date "2009.11.21"]
[Round "9"]
[White "Tolosana Esteban, Enrique"]
[Black "Martin Mazuelo, Miguel Angel"]
[Result "1-0"]
[WhiteElo "1825"]
[BlackElo "1955"]
[PlyCount "69"]
[EventDate "2009.09.27"]
[EventType "swiss"]
[EventRounds "9"]
[EventCountry "ESP"]
[SourceTitle "EXT 2010"]
[Source "ChessBase"]
[SourceDate "2010.11.25"]
[SourceVersion "1"]
[SourceVersionDate "2010.11.25"]
[SourceQuality "1"]

1. e4 c5 2. Nf3 e6 3. d4 cxd4 4. Nxd4 Nf6 5. Nc3 d6 6. Be3 a6 7. Be2 b5 8. a3 Bb7 9. f3 Be7 10. 0-0 Nbd7 11. b4 Rc8 12. Ncxb5 axb5 13. Bxb5 0-0 14. c4 Ne8 15. a4 Ne5 16. Qb3 Nc7 17. Rfc1 Kh8 18. a5 Ra8 19. f4 Nxb5 20. cxb5 Ng4 21. Nc6 Qd7 22. a6 Bxc6 23. bxc6 Qc7 24. b5 Nxe3 25. b6 Rfb8 26. bxc7 Rxb3 27. Rab1 d5 28. Rxb3 Bd6 29. Rb8+ Rxb8 30. cxb8Q+ Bxb8 31. c7 Bxc7 32. Rxc7 h5 33. a7 dxe4 34. a8Q+ Kh7 35. Qxe4+ 1-0

[Event "Madrid-ch sf-B"]
[Site "Madrid"]
[Date "2009.01.30"]
[Round "6"]
[White "Lozano Sanchez, Jose Antonio"]
[Black "Martin Mazuelo, Miguel Angel"]
[Result "0-1"]
[WhiteElo "1958"]
[BlackElo "1983"]
[PlyCount "96"]
[EventDate "2009.01.15"]
[EventType "swiss"]
[EventRounds "9"]
[EventCountry "ESP"]
[SourceTitle "CBM 128 Extra"]
[Source "ChessBase"]
[SourceDate "2009.03.05"]
[SourceVersion "2"]
[SourceVersionDate "2009.03.25"]
[SourceQuality "1"]

1. e4 c5 2. Nf3 e6 3. Bc4 a6 4. a4 Nc6 5. Nc3 d6 6. d3 Nf6 7. Bf4 Be7 8. h3 b6 9. 0-0 Bb7 10. e5 Nxe5 11. Nxe5 dxe5 12. Bxe5 Qd7 13. Qd2 Qc6 14. f3 Rd8 15. Rfe1 0-0 16. Re2 Ne8 17. Ne4 b5 18. Ba2 c4 19. d4 f6 20. Bg3 e5 21. Bf2 Nc7 22. Ng3 Rfe8 23. Rae1 Ne6 24. c3 Ng5 25. Be3 Nf7 26. axb5 axb5 27. Bb1 g6 28. Qc2 b4 29. dxe5 Nxe5 30. Bd4 Bc5 31. Bxc5 Qxc5+ 32. Kf1 b3 33. Qc1 Bc6 34. Ne4 Bxe4 35. Rxe4 Re7 36. Qf4 Kg7 37. Rd4 Red7 38. Red1 Qa7 39. Rxd7+ Rxd7 40. Rxd7+ Qxd7 41. Qc1 f5 42. Ke1 Qa7 43. Qg5 Qg1+ 44. Ke2 Qxb1 45. f4 Qxb2+ 46. Kf1 Qc1+ 47. Ke2 b2 48. Qd8 Qc2+ 0-1

[Event "Madrid-ch sf-B"]
[Site "Madrid"]
[Date "2009.01.16"]
[Round "2"]
[White "Martin Mazuelo, Miguel Angel"]
[Black "Nieto de la Cruz, Julio"]
[Result "0-1"]
[WhiteElo "1983"]
[BlackElo "2059"]
[PlyCount "120"]
[EventDate "2009.01.15"]
[EventType "swiss"]
[EventRounds "9"]
[EventCountry "ESP"]
[SourceTitle "CBM 128 Extra"]
[Source "ChessBase"]
[SourceDate "2009.03.05"]
[SourceVersion "2"]
[SourceVersionDate "2009.03.25"]
[SourceQuality "1"]

1. e4 c5 2. c3 d5 3. exd5 Qxd5 4. Na3 Nc6 5. Nf3 Bg4 6. Be2 Nf6 7. 0-0 e6 8. d4 Rc8 9. Nc2 Qd7 10. Be3 cxd4 11. Ncxd4 Bc5 12. Nxc6 Qxc6 13. Bxc5 Qxc5 14. Qa4+ Ke7 15. c4 a5 16. a3 Ne4 17. Qc2 Nd6 18. b3 b5 19. Qd2 bxc4 20. bxc4 Nxc4 21. Bxc4 Bxf3 22. Rfc1 Rhd8 23. Bd3 Qd4 24. gxf3 Qxd3 25. Qg5+ Kf8 26. Qxa5 Qxf3 27. Rxc8 Rxc8 28. Qg5 h6 29. Qg3 Qd5 30. a4 e5 31. a5 Rc6 32. Qa3+ Kg8 33. Rc1 Rg6+ 34. Kf1 Qb5+ 35. Ke1 Rg1+ 36. Kd2 Qd5+ 37. Kc2 Qc4+ 38. Kb1 Rxc1+ 39. Qxc1 Qb4+ 40. Qb2 Qxa5 41. Qb8+ Kh7 42. Qb2 Qd5 43. Qc2+ e4 44. Kb2 Qd3 45. Qxd3 exd3 46. Kc3 Kg6 47. Kxd3 Kg5 48. Ke2 Kg4 49. Kf1 Kf3 50. Kg1 h5 51. Kf1 h4 52. Kg1 g5 53. Kf1 g4 54. Kg1 f5 55. Kf1 f4 56. Kg1 Ke2 57. Kg2 f3+ 58. Kg1 g3 59. h3 gxf2+ 60. Kh2 Ke1 0-1

[Event "Madrid-ch Previa-A"]
[Site "Madrid"]
[Date "2008.11.05"]
[Round "3"]
[White "Benitez Cadenas, Luis Miguel"]
[Black "Martin Mazuelo, Miguel Angel"]
[Result "1/2-1/2"]
[WhiteElo "1762"]
[BlackElo "1984"]
[PlyCount "174"]
[EventDate "2008.11.03"]
[EventType "swiss"]
[EventRounds "9"]
[EventCountry "ESP"]
[SourceTitle "CBM 127 Extra"]
[Source "ChessBase"]
[SourceDate "2009.01.08"]
[SourceVersion "2"]
[SourceVersionDate "2009.01.28"]
[SourceQuality "1"]

1. d4 c5 2. Nf3 e6 3. c4 Nf6 4. Nc3 d5 5. cxd5 Nxd5 6. e4 Nxc3 7. bxc3 Be7 8. Bd3 0-0 9. Bf4 cxd4 10. cxd4 Qa5+ 11. Bd2 Qh5 12. Ne5 Qxd1+ 13. Rxd1 Nd7 14. Nc4 b6 15. f3 Rd8 16. Kf2 Bb7 17. Be3 Rac8 18. Rc1 Nb8 19. Ne5 Bf6 20. Rxc8 Bxc8 21. Ke2 Bxe5 22. dxe5 Nc6 23. Bg5 Rd7 24. Rc1 Bb7 25. Bf4 h6 26. h4 Nb4 27. Bb5 Ba6 28. Bxa6 Nxa6 29. Rc8+ Kh7 30. Be3 Rc7 31. Rxc7 Nxc7 32. a4 Kg8 33. Kd3 Kf8 34. a5 bxa5 35. Bxa7 Na6 36. Kc4 Ke8 37. Bb6 a4 38. Kb5 Nb8 39. Kxa4 Nc6 40. Kb5 Kd7 41. Bc5 g6 42. Bf8 h5 43. Bg7 Nd4+ 44. Kc5 Nc2 45. g4 Ne1 46. gxh5 gxh5 47. f4 Ng2 48. Bf6 Nxf4 49. Kd4 Ng6 50. Kc5 Kc7 51. Kc4 Kc6 52. Kd4 Kb5 53. Kd3 Kb4 54. Kd4 Kb3 55. Kd3 Nf8 56. Bg7 Ng6 57. Bf6 Kb2 58. Kd2 Nf4 59. Ke3 Ng6 60. Kd2 Nf8 61. Bg7 Nd7 62. Ke3 Kc3 63. Kf4 Kd3 64. Kg5 Kxe4 65. Kxh5 Nxe5 66. Bxe5 Kxe5 67. Kg5 f6+ 68. Kg6 f5 69. h5 f4 70. h6 Ke4 71. h7 f3 72. h8Q f2 73. Qf6 Ke3 74. Qxe6+ Kd2 75. Qf5 Ke1 76. Qe4+ Kf1 77. Kg5 Kg1 78. Qg4+ Kh1 79. Qf3+ Kg1 80. Qg3+ Kh1 81. Qh3+ Kg1 82. Qe3 Kg2 83. Qe4+ Kg1 84. Qg4+ Kh1 85. Qh3+ Kg1 86. Qg3+ Kh1 87. Qf3+ Kg1 1/2-1/2

[Event "Madrid-ch sf-A"]
[Site "Madrid"]
[Date "2008.01.09"]
[Round "3"]
[White "Martin Martin, Luis Vicente"]
[Black "Martin Mazuelo, Miguel Angel"]
[Result "1/2-1/2"]
[WhiteElo "2093"]
[BlackElo "1987"]
[PlyCount "90"]
[EventDate "2008.01.07"]
[EventType "swiss"]
[EventRounds "9"]
[EventCountry "ESP"]
[SourceTitle "CBM 122 Extra"]
[Source "ChessBase"]
[SourceDate "2008.03.04"]
[SourceVersion "1"]
[SourceVersionDate "2008.03.04"]
[SourceQuality "1"]

1. e4 c5 2. Nf3 d6 3. d4 cxd4 4. Qxd4 Nc6 5. Bb5 a6 6. Bxc6+ bxc6 7. c4 e6 8. 0-0 c5 9. Qd3 Bb7 10. Nc3 Nf6 11. Bg5 Be7 12. Rad1 Qc7 13. Nd2 Rd8 14. Rfe1 h6 15. Bh4 0-0 16. Nf1 Ng4 17. Bxe7 Qxe7 18. Qe2 Ne5 19. Ne3 Nc6 20. Nc2 Rfe8 21. Rd3 Nb4 22. Rg3 Nxc2 23. Qxc2 Qh4 24. Rge3 Qg5 25. f3 Bc6 26. Rd3 d5 27. Qf2 dxe4 28. h4 Qf6 29. Rxd8 Rxd8 30. fxe4 Qxf2+ 31. Kxf2 Rd2+ 32. Re2 Rxe2+ 33. Kxe2 f5 34. Ke3 Kf7 35. Kf4 Kf6 36. e5+ Kg6 37. g4 fxg4 38. Kxg4 Kf7 39. Kf4 Ke7 40. Ne2 Bg2 41. Ng3 Kd7 42. Ke3 g5 43. h5 Kc6 44. a3 Kb6 45. b3 a5 1/2-1/2

[Event "Madrid Pueblo Nuevo 12th"]
[Site "Madrid"]
[Date "2006.11.14"]
[Round "3.1"]
[White "Martin Mazuelo, Miguel Angel"]
[Black "Caballero Gallego, Luis"]
[Result "1-0"]
[WhiteElo "1905"]
[BlackElo "1860"]
[PlyCount "57"]
[EventDate "2006.11.06"]
[EventType "swiss"]
[EventRounds "9"]
[EventCountry "ESP"]
[SourceTitle "EXT 2024"]
[Source "ChessBase"]
[SourceDate "2023.10.10"]
[SourceVersion "1"]
[SourceVersionDate "2023.10.10"]
[SourceQuality "1"]

1. e4 e5 2. Nf3 Nc6 3. d4 exd4 4. Bc4 Bb4+ 5. c3 dxc3 6. bxc3 Bd6 7. 0-0 Nge7 8. Ng5 Ne5 9. Bb3 h6 10. f4 hxg5 11. fxe5 Bc5+ 12. Kh1 0-0 13. Qh5 Qe8 14. Bxg5 d6 15. Rf4 d5 16. Rh4 f6 17. Qh7+ Kf7 18. exf6 Ke6 19. exd5+ Kd7 20. Qxg7 Rf7 21. Qh8 Ng8 22. Nd2 Nxf6 23. Bxf6 Rxf6 24. Ba4+ c6 25. dxc6+ bxc6 26. Qxf6 Qe6 27. Rh7+ Kd6 28. Qf4+ Qe5 29. Nc4+ 1-0

[Event "Madrid Pueblo Nuevo 12th"]
[Site "Madrid"]
[Date "2006.11.06"]
[Round "1.2"]
[White "Martin Mazuelo, Miguel Angel"]
[Black "Moratalla Garcia, Joaquin"]
[Result "1-0"]
[WhiteElo "1905"]
[BlackElo "1784"]
[PlyCount "59"]
[EventDate "2006.11.06"]
[EventType "swiss"]
[EventRounds "9"]
[EventCountry "ESP"]
[SourceTitle "EXT 2024"]
[Source "ChessBase"]
[SourceDate "2023.10.10"]
[SourceVersion "1"]
[SourceVersionDate "2023.10.10"]
[SourceQuality "1"]

1. e4 c5 2. c3 d5 3. exd5 Qxd5 4. d4 Nf6 5. Nf3 Nc6 6. Be3 cxd4 7. cxd4 e6 8. Nc3 Qa5 9. Be2 Be7 10. 0-0 a6 11. a3 Bd7 12. Rc1 0-0 13. Bd3 Rac8 14. Re1 Rfd8 15. Nd2 Be8 16. Nc4 Qc7 17. Qd2 Nd5 18. Nxd5 exd5 19. Bf4 Bg5 20. Bxg5 dxc4 21. Bxd8 Qxd8 22. Bxc4 Ne7 23. Qb4 Rc7 24. Rc3 Bc6 25. Qb3 g6 26. Bxf7+ Kg7 27. d5 Nxd5 28. Bxd5 Bxd5 29. Rxc7+ Qxc7 30. Qxd5 1-0

[Event "Madrid Pueblo Nuevo Youth"]
[Site "Madrid"]
[Date "2006.06.03"]
[Round "4.1"]
[White "Vallejo Nuno, Jorge"]
[Black "Martin Mazuelo, Miguel Angel"]
[Result "1-0"]
[WhiteElo "1991"]
[BlackElo "1879"]
[PlyCount "91"]
[EventDate "2006.05.27"]
[EventType "swiss"]
[EventRounds "9"]
[EventCountry "ESP"]
[SourceTitle "EXT 2024"]
[Source "ChessBase"]
[SourceDate "2023.10.10"]
[SourceVersion "1"]
[SourceVersionDate "2023.10.10"]
[SourceQuality "1"]

1. b4 e5 2. Bb2 Bxb4 3. Bxe5 Nf6 4. c4 Nc6 5. Bb2 0-0 6. e3 d5 7. a3 Ba5 8. Nf3 Bg4 9. cxd5 Nxd5 10. Bb5 Qd6 11. 0-0 a6 12. Be2 Rae8 13. Qa4 Bh5 14. Qb3 Nf6 15. d4 Ne7 16. Nc3 Ned5 17. Rac1 Bxc3 18. Bxc3 b6 19. Bb2 Ne4 20. Qc2 Re6 21. Ne5 Bxe2 22. Qxe2 c5 23. Nc4 Qe7 24. dxc5 Nxc5 25. Qf3 Rd8 26. Rfd1 Nc7 27. Rxd8+ Qxd8 28. Rd1 Qe7 29. Qg4 f6 30. Bd4 b5 31. Nd2 Ne4 32. Nxe4 Rxe4 33. Qc8+ Kf7 34. f3 Re6 35. Bb6 Kg6 36. Qxc7 Qxa3 37. Qc2+ Kh6 38. Bc5 Qa4 39. Kf2 b4 40. Rd4 g6 41. Bf8+ Kh5 42. Rh4+ Kg5 43. g3 f5 44. Qb2 f4 45. Bh6+ Kf5 46. g4# 1-0